| 000 | 01311nam a22003375a 4500 | ||
|---|---|---|---|
| 005 | 20170325143645.0 | ||
| 006 | m||||fq||h 00| 0 | ||
| 008 | 170325s2015 sp a fr 000 0 spa d | ||
| 020 | _a9788469807613 | ||
| 040 |
_aEG-ScBUE _beng _cEG-ScBUE |
||
| 082 | 0 | 4 |
_a468.24076 _bNUE _222 |
| 245 | 0 | 0 |
_aNuevo sueña 1 : _bespañol lengua extranjera : cuaderno de ejercicios / _cdirectora y coordinadora del proyecto, coordinadora del nivel inicial and autoras, Angeles Álvarez Martínez ... [et al.]. |
| 246 | 3 | 3 |
_aNew Dream 1 : _bSpanish Foreign Language : Workbook |
| 246 | 3 | 3 |
_aNuevo suena 1 : _bespanol lengua extranjera : cuaderno de ejercicios |
| 250 | _a4a. edición | ||
| 250 | _a4th ed. | ||
| 260 |
_a[Madrid] : _bAnaya, _c2015. |
||
| 300 |
_a143 p. : _bill. (col.) ; _c29 cm + _e1 audio CDs. |
||
| 490 | 0 | _aAnaya ELE en | |
| 490 | 0 | _aNuevo Sueña | |
| 521 | 3 | _afor A1 - A2. | |
| 650 | 7 |
_aSpanish language _vTextbooks for foreign speakers. _2BUEsh |
|
| 650 | 7 |
_aSpanish language _vProblems, exercises, etc. _2BUEsh |
|
| 650 | 7 |
_aSpanish language _xSpoken Spanish _zSpain. _2BUEsh |
|
| 650 | 7 |
_aLengua española _vMétodos. _2BUEsh |
|
| 651 | _2BUEsh | ||
| 653 |
_bHHUUEENN _bGGEN _bEEENG _cMarch2017 |
||
| 655 |
_vReading book _934232 |
||
| 700 | 1 | _aÁlvarez Martínez, Ángeles. | |
| 942 | _2ddc | ||
| 999 |
_c24527 _d24499 |
||